| 000 | 00443nam a22001817a 4500 | ||
|---|---|---|---|
| 003 | CEME | ||
| 005 | 20210628203113.0 | ||
| 008 | 210120b xxu||||| |||| 00| 0 eng d | ||
| 020 | _a969-35-1914-0 | ||
| 040 | _c. | ||
| 082 | _a891.4392 ISH | ||
| 100 |
_aIshfaq Ahmed _963327 |
||
| 245 | _aAasoodgi | ||
| 260 |
_aLAHORE _bSANG-E-MEEL PUB _c2007 |
||
| 300 | _a512P | ||
| 650 |
_aURDU ADAB-RADIO DRAMA.TALQEEN SHAH _963328 |
||
| 942 |
_cBK _2ddc |
||
| 999 |
_c572189 _d572189 |
||